Sports Quiz

Random Sports or Soccer Quiz
Score 0/36 Timer 06:00
1 Play Today
2008/09 Club Player % Correct
Aston VillaJames Milner
81.7%
ChelseaPetr Čech
76%
ArsenalCesc Fàbregas
74.4%
Aston VillaAshley Young
73.8%
ArsenalTheo Walcott
73.1%
Wigan AthleticAntonio Valencia
60.7%
Bolton WanderersGary Cahill
59.4%
Portsmouth/TottenhamJermain Defoe
57.4%
EvertonLeighton Baines
57.1%
Manchester CityVincent Kompany
56.3%
Manchester CityJoe Hart
56.1%
ArsenalJack Wilshere
54.2%
ArsenalAaron Ramsey
51.8%
SunderlandJordan Henderson
51.1%
FulhamChris Smalling
50%
West Ham UnitedMark Noble
49.6%
EvertonPhil Jagielka
49.4%
Manchester CityPablo Zabaleta
49.2%
2008/09 Club Player % Correct
Manchester UnitedDanny Welbeck
45.6%
Aston VillaMarc Albrighton
44.6%
EvertonMarouane Fellaini
41.8%
Manchester CityDaniel Sturridge
35.8%
ArsenalŁukasz Fabiański
30.7%
Blackburn RoversDanny Simpson
30.5%
Manchester CityKasper Schmeichel
29.7%
Tottenham HotspurAaron Lennon
27%
Manchester UnitedBen Foster
25.9%
Newcastle UnitedAndy Carroll
22.3%
Manchester UnitedJonny Evans
21.3%
West Ham UnitedJames Tomkins
20.2%
PortsmouthAsmir Begovic
18.7%
EvertonDan Gosling
15.2%
SunderlandPhil Bardsley
13.5%
West Ham UnitedJunior Stanislas
11.4%
West Bromwich AlbionChris Wood
9.3%
MiddlesbroughJoe Bennett
2.5%
Remove Ads.
Support Sporcle.
Get the best of Sporcle when you Go Orange. This ad-free experience offers more features, more stats, and more fun while also helping to support Sporcle. Thank you for becoming a member.

You're not logged in!

Compare scores with friends on all Sporcle quizzes.
OR
Log In

Show Comments

Extras

Top Quizzes Today


Score Distribution

Your Account Isn't Verified!

In order to create a playlist on Sporcle, you need to verify the email address you used during registration. Go to your Sporcle Settings to finish the process.

Report this User

Report this user for behavior that violates our Community Guidelines.

Details: